Insolvency Law / (Record no. 220)
[ view plain ]
| 000 -LEADER | |
|---|---|
| fixed length control field | 00397nam a22001457a 4500 |
| 005 - DATE AND TIME OF INPUT | |
| control field | 20231101125122.0 |
| 008 - DATA ELEMENTS--GENERAL INFORMATION | |
| fixed length control field | 231101b |||||||| |||| 00| 0 eng d |
| 041 ## - LANGUAGE CODE | |
| Language code of text | English |
| 082 ## - SHELF NUMBER | |
| DDC number | 346.7 INS |
| 100 ## - MAIN AUTHOR | |
| Main author's name | Burdette, D |
| Language of a work | English |
| 245 ## - TITLE STATEMENT | |
| Title | Insolvency Law / |
| Statement of responsibility, etc. | D Burdette |
| 300 ## - PHYSICAL DESCRIPTION | |
| Other physical details | 295 pages ; |
| Dimensions | 30,1 cm. |
| 650 ## - SUBJECT` | |
| Broad subject | Legal practice |
| Own subject terms | Law |
| 942 ## - ADDED ENTRY ELEMENTS (KOHA) | |
| Item type | Books |
| 942 ## - ADDED ENTRY ELEMENTS (KOHA) | |
| -- | ALISON_BN_VRIES |
| Source of classification or shelving scheme | Not for loan | Collection code | Home library | Current library | Shelving location | Date acquired | Full call number | Barcode | Price effective from | Koha item type |
|---|---|---|---|---|---|---|---|---|---|---|
| Dewey Decimal Classification | TEXT BOOKS | LAW SOCIETY OF NAMIBIA LIBRARY - WINDHOEK | LAW SOCIETY OF NAMIBIA LIBRARY - WINDHOEK | INSOLVENCY AND INSURANCE | 11/01/2023 | 346.7 INS | LSN/2009/1 | 11/01/2023 | Books |
